Statistics for Countries that Beat Singapore

Click here to take the quiz!

General Stats

  • This quiz has been taken 33 times
  • The average score is 13 of 27

Answer Stats

RankCategoryCountries% Correct
6Most Starbucks outlets per capitaMonaco | United States | Canada | Bahamas | Kuwait
90%
2Busiest container portChina
77%
3Highest life expectancyJapan | Switzerland
77%
9Highest cost of livingSwitzerland | Norway | Iceland | Japan | Denmark | Bahamas | Luxembourg | Israel
74%
3Highest military spending per capitaIsrael | United States
71%
3Highest GDP per capita (at purchasing power parity)Qatar | Luxembourg
71%
2Highest population densityMonaco
68%
14Most judicial executions in 2019Iran | Saudi Arabia | Iraq | North Korea | China | Vietnam | Syria | Egypt | United States | Pakistan | Somalia | South Sudan | Yemen
65%
12Lowest highest pointTuvalu | Maldives | Marshall Islands | Bahamas | Gambia | Nauru | Vatican City | Kiribati | Qatar | Bahrain | Monaco
61%
21Most likely to have donated money to charityMyanmar | United Kingdom | Malta | Thailand | Netherlands | Indonesia | Ireland | Australia | New Zealand | Canada | United States | Denmark | Switzerland | Sweden | Austria | United Arab Emirates | Luxembourg | Israel | Sri Lanka | Germany
58%
2Lowest total fertility rateSouth Korea
58%
4Highest smart phone usageUnited Arab Emirates | South Korea | Saudi Arabia
58%
2 (tied)Fewest number of political parties represented in ParliamentNorth Korea | Laos | China | Cuba | Vietnam | Eritrea
55%
4 (tied)Least corrupt public sectorDenmark | New Zealand | Finland
52%
6Hottest average yearly temperature in AsiaMaldives | Qatar | United Arab Emirates | Sri Lanka | Brunei | Singapore
52%
9Largest foreign exchange reservesChina | Japan | Switzerland | Russia | India | Taiwan | Saudi Arabia | South Korea | Brazil
48%
13Highest annual rainfallColombia | Sao Tome and Principe | Papua New Guinea | Solomon Islands | Panama | Costa Rica | Malaysia | Brunei | Indonesia | Bangladesh | Fiji | Sierra Leone
48%
3Most frequent use of artificial inteligence in healthcareChina | Saudi Arabia
45%
2Best national flag carrier airlineQatar
45%
5Best non-native English speaking countryNetherlands | Sweden | Norway | Denmark
42%
3Closest capital city to the equatorEcuador | Kenya
35%
6Lowest average height to penis length ratioCambodia | Taiwan | Myanmar | Sri Lanka | Philippines
29%
2Most connected countryNetherlands
6%
9Poorest attempt to tackle inequalityNigeria | Uzbekistan | Haiti | Chad | Sierra Leone | Bhutan | Madagascar | Laos
6%
4Safest place during COVID-19Switzerland | Germany | Israel
6%
5 (tied)Least number of United Nations human rights treaties ratifiedTuvalu | Palau | Tonga | Bhutan
3%
3Highest rate of bullyingLatvia | New Zealand
0%

Score Distribution

Percentile by Number Answered

Percent of People with Each Score

Your Score History

You have not taken this quiz